| 000 | 00928cam a22002653a 4500 | ||
|---|---|---|---|
| 001 | 10613 | ||
| 003 | PGUSA | ||
| 005 | 20140828083226.0 | ||
| 008 | 040101s2004||||xxu|||||s|||||000 | eng d | ||
| 040 |
_aPGUSA _beng |
||
| 042 | _adc | ||
| 050 | 4 | _aJC | |
| 100 | 1 |
_aAdams, Brooks, _d1848-1927 |
|
| 245 | 1 | 4 |
_aThe Theory of Social Revolutions _h[electronic resource] / _cBrooks Adams |
| 260 |
_bProject Gutenberg, _c2004 |
||
| 505 | 0 | _aThe collapse of capitalistic government -- The limitations of the judicial function -- American courts as legislative chambers -- The social equilibrium -- Political courts -- Inferences. | |
| 506 | _aPublic domain in the USA. | ||
| 516 | _aElectronic text | ||
| 653 | _aCourts -- United States | ||
| 653 | _aRevolutions | ||
| 653 | _aUnited States -- Politics and government | ||
| 830 | 0 |
_aProject Gutenberg _v10613 |
|
| 856 | 4 | 0 | _uhttp://www.gutenberg.org/ebooks/10613 |
| 942 | _cEB | ||
| 999 |
_c239868 _d239868 |
||